Set theory and the continuum problem
Saved in:
| Main Author: | |
|---|---|
| Other Authors: | |
| Format: | Book |
| Language: | English |
| Published: |
Oxford : New York :
Clarendon Press ;, Oxford University Press,
1996
|
| Series: | Oxford logic guides ;
; 34 |
| Subjects: | |
| Tags: |
Add Tag
No Tags, Be the first to tag this record!
|
MARC
| LEADER | 00000nam a2200000 i 4500 | ||
|---|---|---|---|
| 001 | 1/75358 | ||
| 008 | 990604s1996 eng d | ||
| 020 | |a 0-19-852395-5 | ||
| 035 | |l 10049321 | ||
| 040 | |a GR-MY-UA |b gre |e aacr | ||
| 041 | 0 | |a eng | |
| 082 | 0 | |a 511.322 | |
| 100 | 1 | |a Smullyan, Raymond M. | |
| 245 | 1 | 0 | |a Set theory and the continuum problem / |c Raymond M. Smullyan and Melvin Fitting |
| 260 | |a Oxford : |a New York : |b Clarendon Press ;, |b Oxford University Press, |c 1996 | ||
| 300 | |a xiii, 288 p.; |b ill.; |c 24 cm. | ||
| 490 | 1 | |a Oxford logic guides |v ; 34 | |
| 500 | |a Includes bibliographical references and indexes | ||
| 650 | 0 | 0 | |a Set theory. |
| 650 | 0 | 0 | |a Continuum hypothesis. |
| 700 | 1 | |a Fitting, Melvin |d 1942- | |
| 830 | 0 | |a Oxford logic guides ; |v ; 34 | |
| 852 | |a INST |b SAMOS |e 19990604 |h 511.322 SMU |p 005300012757 |q 005300012757 |t BK |y 0 | ||
| 901 | |a BIBL3-1999-2 | ||
| 909 | |a Σ |b 063942 | ||
| 922 | |a 3ΕΛΗ |b 199901 |c ΚΠΣ |d GLORY | ||
| 950 | |a 116-1998-08-10 | ||